The Central Provinces and Berar Local Government (Amendment) Act, 1948 (Record no. 509311)

000 -LEADER
fixed length control field 00331nam a22000977a 4500
082 ## - DEWEY DECIMAL CLASSIFICATION NUMBER
Classification number B703x5422 M267/1948-53
100 ## - MAIN ENTRY--PERSONAL NAME
Personal name Government of Central Provinces and Berar
9 (RLIN) 4951
245 ## - TITLE STATEMENT
Title The Central Provinces and Berar Local Government (Amendment) Act, 1948
260 ## - PUBLICATION, DISTRIBUTION, ETC. (IMPRINT)
Name of publisher, distributor, etc Government of Central Provinces and Berar
Date of publication, distribution, etc 1948
300 ## - PHYSICAL DESCRIPTION
Extent 7p.
Holdings
Withdrawn status Lost status Source of classification or shelving scheme Damaged status Koha normalized classification for sorting Not for loan Permanent location Current location Date acquired Full call number Barcode Date last seen Price effective from Koha item type
        B_703X5422_M267_194853   Indian Institute of Public Administration Indian Institute of Public Administration 2019-05-01 B703x5422 M267/1948-53 GG34393 2019-05-01 2019-05-01 GG

Powered by Koha